000 00405nmm a2200145Ia 4500
008 251105s9999||||xx |||||||||||||||||und||
041 _aspa
100 _aKleypas, Lisa
245 0 _aTuya a medianoche. Serie Hathaways 1
264 _a[Madrid, España] :
_bEdiciones B,
_c2014
300 _a367 páginas
650 _aRomance
856 _uhttps://public.digitaliapublishing.com/a/53186
942 _cCF
999 _c105085
_d105085